| 000 | 00650nam a22002537a 4500 | ||
|---|---|---|---|
| 005 | 20250819175223.0 | ||
| 008 | 160930b2015 xxu||||| |||| 00| 0 spa d | ||
| 020 | _a9789930520079 | ||
| 041 | _aESP | ||
| 082 | _a345.05 C8374l | ||
| 100 | _aCosta Rica. Leyes, decretos, etc. | ||
| 245 | _aLey penal costarricense | ||
| 260 | _aCOSTA RICA | ||
| 260 | _bEditorial Jurídica Continental | ||
| 260 | _c2015 | ||
| 300 | _a704 páginas | ||
| 490 | _aInvestigación Criminal | ||
| 650 | _aLEY PROCESAL COSTARRICENSE | ||
| 650 | _aLEGISLACIÓN | ||
| 650 | _aDELITOS | ||
| 650 | _aLA PENA | ||
| 650 | _aCONTRAVENCIONES | ||
| 942 |
_cBK _2ddc |
||
| 999 |
_c8461 _d8461 |
||